| 000 | 01422nam a22001937a 4500 | ||
|---|---|---|---|
| 999 |
_c63282 _d63282 |
||
| 003 | Ge_BSU | ||
| 005 | 20250718111652.0 | ||
| 008 | 250718s2008 ge ||||| |||| 00| 0 geo d | ||
| 041 | _ageo | ||
| 080 | _a338(479.22) ს-32 | ||
| 245 |
_a2008 საქართველოს ეკონომიკური ტენდენციები : _bთებერვალი : კვარტალური მიმოხილვა / _cგამოშვებაზე მუშაობდნენ: ლელა ბახტაძე, გოჩა თუთბერიძე, ვერონიკა შნაიდერი ; სარედ. საბჭო: კახა გოგოლაშვილი, მერაბ კაკულია, კრისტოფ კორდონიე |
||
| 264 |
_aთბილისი, _c2008. |
||
| 300 |
_a84 გვ.: _bცხრ; _c29 სმ. |
||
| 653 | _aსაქართველოს ეკონომიკა | ||
| 653 | _aკონფერენცია | ||
| 700 |
_a ბახტაძე, ლელა _eდა სხვ. _925674 |
||
| 710 |
_aეკონომიკური პოლიტიკისა და სამართლებრივი საკითხების ქართულ-ევროპული საკონსუტაციო ცენტრი (GEPLAC) თბილისი. _925673 |
||
| 942 |
_2udc _cBK |
||